| 000 | 00869nas a2200265 4500 | ||
|---|---|---|---|
| 001 | BR0101734 | ||
| 003 | BR-BrBNA | ||
| 005 | 20231205102202.0 | ||
| 007 | ta | ||
| 008 | 230509b bl.|||p| |||| 00| 00por d | ||
| 040 |
_aBR-BrBNA _bpor _cBiblioteca Nacional de Agricultura |
||
| 041 | _a(Pt) | ||
| 072 | _aH10 | ||
| 100 | 1 | _aMoraes, L.A.H. de | |
| 100 | 1 | _aCruz, F.Z. da | |
| 245 | 1 | _aFlutuacao populacional do acaro da leprose dos citros Brevipalpus phoenicis (Geijskes, 1939)Sayed, 1946 (Acari, Tenuipalpidae), em pomar comercial, Taquari-RS | |
| 650 | _aFruta Citrica | ||
| 650 | _aAcaro | ||
| 650 | _aPopulacao de Planta | ||
| 650 | _aPomar | ||
| 650 | _aRio Grande do Sul | ||
| 773 | 0 |
_tPesquisa Agropecuaria Gaucha (Brazil) _xISSN 0104-9070 _g(1999), v. 5(2) p. 201-207 _wBR0101734 |
|
| 909 |
_a202311 _bLúcia _c55 _dLúcia Elande |
||
| 942 |
_2AGRIS _n0 _cANA |
||
| 999 |
_c166179 _d166179 |
||